000 00941nam a2200193 i 4500
001 189895
003 SpMaBN
005 20230906223601.0
008 191220s1982 sp |||| | spa d
080 _a336.211.4
100 1 _aPérez-Arda y López de Valdivieso, Santiago.
_9169208
245 1 3 _aEl impuesto municipal sobre el incremento de valor de los terrenos (plus-valía)
_b: discurso leído el día 14 de mayo de 1982, en la solemne sesión de ingreso del académico de número Don Santiago Pérez-Arda y López de Valdivieso y contestación del Excmo. Señor Manuel Iglesias Corral.
260 _aLa Coruña :
_bAcademia Gallega de Jurisprudencia y Legislación,
_c1982.
300 _a441 p. ;
_c27 cm.
650 7 _aImpuesto sobre el incremento del valor de los terrenos.
_9169203
700 1 _aIglesias Corral, Manuel.
_9158835
710 2 _aAcademia Gallega de Jurisprudencia y Legislación.
_91197
852 _aES-MaACL
_jL-32478
999 _c189895
_d189895